Sudden Death-UK Overseas Territories - Statistics

General Stats
  • This quiz has been taken 92 times
  • The average score is 7 of 12
Answers on the Grid
Answers color-coded by a green-red scale on the quiz's grid according to % correct below.
Montserrat
Wallis and Futuna
Akrotiri and Dhekelia
Tristan de Cunha
South Ossetia
Cook Islands
Turks and Caicos Islands
Bonaire
Falkland Islands
Anguilla
Cayman Islands
Bermuda
Christmas Island
Virgin Islands
Ayia Napa
Pitcairn Islands
Tokelau
Hong Kong
Gibraltar
South Georgia and South Sandwich Islands
 
Answer Stats
Answer % Correct
Falkland Islands
71%
Gibraltar
66%
Montserrat
61%
Bermuda
58%
Virgin Islands
58%
Turks and Caicos Islands
56%
Cayman Islands
53%
Tristan de Cunha
53%
South Georgia and South Sandwich Islands
52%
Pitcairn Islands
48%
Anguilla
40%
Akrotiri and Dhekelia
35%
No matching quizzes found
Score Distribution
Percent of People with Each Score
Percentile by Number Answered
Your Score History
You have not taken this quiz